| 000 | 00515nam a2200181 i 4500 | ||
|---|---|---|---|
| 001 | 136600 | ||
| 003 | ES-MaACL | ||
| 005 | 20230906195158.0 | ||
| 007 | t| | ||
| 008 | 070214s1975 sp r ||||1| spa d | ||
| 100 | 1 |
_aSáez, Armando. _9101346 |
|
| 245 | 1 | 0 |
_aPoblación y actividad económica en España / _cArmando Sáez. |
| 250 | _a1ª. ed. | ||
| 260 |
_aMadrid : _bSiglo Veintiuno, _c1975. |
||
| 300 |
_aIX, 316 p. ; _c18 cm. |
||
| 852 |
_aES-MaACL _jE-8676 _bR.92922 |
||
| 852 |
_aES-MaACL _jE-8471 _bR.92779 |
||
| 999 |
_c136600 _d136600 |
||